000 01133 a2200217 4500
005 20080828143628.0
008 080828t xxu||||| |||| 00| 0 hin d
010 _aHIN-82619
020 _a8187247894
_c700.00
035 _aHN-54965
037 _bपु.प्र.अ.प्र/प्रका
082 _a363.7
100 _aव्यास, हरिश्चन्द्र
245 _aपर्यावरण, कल आज और कल /
_cहरिश्चन्द्र व्यास
246 _aParyavaran ; kal aaj aur kal
_bby Harishchandra Vyas
260 _aजयपुर
_bश्याम प्रकाशन
_c2006
270 _aफिल्म कालोनी,चौड़ा रास्ता
_bजयपुर
_e302003
_k0141-2317659
300 _aviii,396पृ
_c22 सेमी (सजिल्द)
942 _adpl
_cHN
_k363.7 / व्यासह
_2ddc
_h363.7
_mव्यासह
999 _c10759
_d10759